000 00391 a2200145 4500
999 _c6352
_d6352
020 _a9781444155808
050 _aQH 332 DIC 2012
100 _aDickenson,Donna
_eauthor
245 _aBioethics:
_ball that matters/
_cDonna Dickenson
264 _aLondon:
_bHodder Education,
_c2012
300 _a156p.:
_bill.
500 _aIncludes index
650 _aBioethics
942 _2lcc
_cBK
_h332
_iDIC
_kQH